000 01039nam a22002297a 4500
003 St Aloysius Coll
005 20250729113236.0
008 250729b |||||||| |||| 00| 0 eng d
020 _a9789364372893
040 _cAL
041 _aEnglish
082 _a370.02
_bSHAN
100 _aNandini Sharma
_9220605
245 _aNTA UGC NET JRF SET Education Paper 2
260 _aNew Delhi
_bArihant Publications
_c2025
300 _a716p
_bPB
_c26x21cm.
365 _2General
_a1941
_b₹580.00
_c
_d₹725.00
_e20%
_f14-07-2025
520 _aThe UGC NET is a test to determine the eligibility of candidates opting for the post of Assistant Professor only or Junior Research Fellowship and Assistant Professor both in Indian Universities and Colleges. To meet the needs of NET, SET, and JRF applicants, this book has been revamped and updated as per the latest pattern and with a perfect blend of theory and practice questions.
650 _2Education
_aEducation
_9220606
700 _aKulshreshtha, Renu
_9220607
942 _2ddc
_cBK
999 _c234679
_d234679